[Event "Stay Safe Play From Home 381"]
[Site "Emanuel Lasker Arena"]
[Date "2020.08.13"]
[Round "4"]
[White "Ionelluca"]
[Black "Fischer_11"]
[Result "1-0"]
[WhiteElo "1928"]
[BlackElo "1930"]
[Annotator "NA"]
[PlyCount "67"]
[EventDate "2020.08.13"]
[EventType "swiss (blitz)"]

1. c4 {[%emt 0:00:02]} c5 {[%emt 0:00:12]} 2. Nc3 {[%emt 0:00:02]} Nc6 {[%emt 0:00:00]} 3. g3 {[%emt 0:00:01]} b6 {[%emt 0:00:01]} 4. Bg2 {[%emt 0:00:01]} Bb7 {[%emt 0:00:00]} 5. d3 {[%emt 0:00:01]} e6 {[%emt 0:00:01]} 6. Bd2 {[%emt 0:00:01]} Nf6 {[%emt 0:00:00]} 7. a3 {[%emt 0:00:01]} d5 {[%emt 0:00:00]} 8. b3 {[%emt 0:00:04]} g6 {[%emt 0:00:02]} 9. Rb1 {[%emt 0:00:03]} Bg7 {[%emt 0:00:01]} 10. Nh3 {[%emt 0:00:01]} O-O {[%emt 0:00:01]} 11. O-O {[%emt 0:00:01]} Re8 {[%emt 0:00:00]} 12. Nf4 {[%emt 0:00:01]} a6 {[%emt 0:00:06]} 13. cxd5 {[%emt 0:00:05]} Nxd5 {[%emt 0:00:03]} 14. Ncxd5 {[%emt 0:00:01]} exd5 {[%emt 0:00:01]} 15. Nxd5 {[%emt 0:00:04]} Nd4 {[%emt 0:00:03]} 16. Ne3 {[%emt 0:00:05]} Bxg2 {[%emt 0:00:05]} 17. Kxg2 {[%emt 0:00:01]} Qd6 {[%emt 0:00:07]} 18. Re1 {[%emt 0:00:02]} Rad8 {[%emt 0:00:10]} 19. Nc4 {[%emt 0:00:03]} Qd5+ {[%emt 0:00:05]} 20. e4 {[%emt 0:00:10]} Qe6 {[%emt 0:00:05]} 21. Bg5 {[%emt 0:00:03]} Rd7 {[%emt 0:00:03]} 22. Be3 {[%emt 0:00:01]} b5 {[%emt 0:00:02]} 23. Na5 {[%emt 0:00:05]} Red8 {[%emt 0:00:02]} 24. b4 {[%emt 0:00:09]} cxb4 {[%emt 0:00:05]} 25. axb4 {[%emt 0:00:03]} Nc6 {[%emt 0:00:14]} 26. Nxc6 {[%emt 0:00:02]} Rxd3 {[%emt 0:00:04]} 27. Nxd8 {[%emt 0:00:02]} Rxd1 {[%emt 0:00:04]} 28. Nxe6 {[%emt 0:00:02]} Rxb1 {[%emt 0:00:04]} 29. Rxb1 {[%emt 0:00:02]} fxe6 {[%emt 0:00:01]} 30. f4 {[%emt 0:00:06]} Kf7 {[%emt 0:00:01]} 31. e5 {[%emt 0:00:01]} Bf8 {[%emt 0:00:01]} 32. Bc5 {[%emt 0:00:02]} Be7 {[%emt 0:00:02]} 33. Bxe7 {[%emt 0:00:02]} Kxe7 {[%emt 0:00:00]} 34. Ra1 {[%emt 0:00:00] Fischer_11 gibt auf Fischer_11 gibt auf Fischer_11 gibt auf (Lag: Av=0.50s, max=1.2s) (Lag: Av=0.50s, max=1.2s) (Lag: Av=0.50s, max=1.2s)} 1-0

[Event "Stay Safe Play From Home 381"]
[Site "Emanuel Lasker Arena"]
[Date "2020.08.13"]
[Round "4"]
[White "Buzaglo"]
[Black "Greblah"]
[Result "0-1"]
[WhiteElo "1770"]
[BlackElo "1834"]
[Annotator "NA"]
[PlyCount "128"]
[EventDate "2020.08.13"]
[EventType "swiss (blitz)"]

1. d4 {[%emt 0:00:01]} c6 {[%emt 0:00:00]} 2. Nf3 {[%emt 0:00:01]} d5 {[%emt 0:00:00]} 3. g3 {[%emt 0:00:01]} Bg4 {[%emt 0:00:01]} 4. Bg2 {[%emt 0:00:01]} e6 {[%emt 0:00:01]} 5. Ne5 {[%emt 0:00:01]} Bh5 {[%emt 0:00:02]} 6. O-O {[%emt 0:00:01]} Nd7 {[%emt 0:00:01]} 7. f4 {[%emt 0:00:02]} f5 {[%emt 0:00:04]} 8. c4 {[%emt 0:00:04]} Ngf6 {[%emt 0:00:02]} 9. c5 {[%emt 0:00:02]} Be7 {[%emt 0:00:06]} 10. Nc3 {[%emt 0:00:02]} O-O {[%emt 0:00:02]} 11. Be3 {[%emt 0:00:02]} Nxe5 {[%emt 0:00:11]} 12. fxe5 {[%emt 0:00:02]} Ng4 {[%emt 0:00:06]} 13. Bd2 {[%emt 0:00:02]} Bg5 {[%emt 0:00:01]} 14. h3 {[%emt 0:00:09]} Be3+ {[%emt 0:00:10]} 15. Bxe3 {[%emt 0:00:14]} Nxe3 {[%emt 0:00:02]} 16. Qd3 {[%emt 0:00:02]} Nxf1 {[%emt 0:00:02]} 17. Rxf1 {[%emt 0:00:00]} b6 {[%emt 0:00:08]} 18. b4 {[%emt 0:00:02]} a5 {[%emt 0:00:03]} 19. a3 {[%emt 0:00:04]} axb4 {[%emt 0:00:01]} 20. axb4 {[%emt 0:00:00]} b5 {[%emt 0:00:01]} 21. Nd1 {[%emt 0:00:14]} Ra2 {[%emt 0:00:03]} 22. Rf2 {[%emt 0:00:01]} Qg5 {[%emt 0:00:05]} 23. Kh2 {[%emt 0:00:08]} Rd2 {[%emt 0:00:07]} 24. Qb3 {[%emt 0:00:02]} Rxe2 {[%emt 0:00:07]} 25. Rxe2 {[%emt 0:00:13]} Bxe2 {[%emt 0:00:01]} 26. Nf2 {[%emt 0:00:06]} Qd2 {[%emt 0:00:05]} 27. h4 {[%emt 0:00:04]} Bc4 {[%emt 0:00:01]} 28. Qf3 {[%emt 0:00:02]} Qxd4 {[%emt 0:00:05]} 29. Nh3 {[%emt 0:00:05]} Qg4 {[%emt 0:00:07]} 30. Qe3 {[%emt 0:00:02]} h6 {[%emt 0:00:02]} 31. Nf4 {[%emt 0:00:03]} Qd1 {[%emt 0:00:11]} 32. Nxe6 {[%emt 0:00:02]} Ra8 {[%emt 0:00:03]} 33. Nf4 {[%emt 0:00:08]} Ra2 {[%emt 0:00:06]} 34. e6 {[%emt 0:00:01]} Qd2 {[%emt 0:00:03]} 35. Qxd2 {[%emt 0:00:06]} Rxd2 {[%emt 0:00:02]} 36. e7 {[%emt 0:00:00]} Kf7 {[%emt 0:00:01]} 37. Ng6 {[%emt 0:00:04]} Bf1 {[%emt 0:00:03]} 38. Nf4 {[%emt 0:00:08]} Bxg2 {[%emt 0:00:02]} 39. Nxg2 {[%emt 0:00:01]} Kxe7 {[%emt 0:00:01]} 40. Kg1 {[%emt 0:00:00]} Kf6 {[%emt 0:00:03]} 41. Nf4 {[%emt 0:00:02]} Ke5 {[%emt 0:00:01]} 42. Ng6+ {[%emt 0:00:01]} Kd4 {[%emt 0:00:01]} 43. Ne7 {[%emt 0:00:01]} Kc4 {[%emt 0:00:02]} 44. Nxc6 {[%emt 0:00:01]} d4 {[%emt 0:00:03]} 45. Ne5+ {[%emt 0:00:02]} Kxb4 {[%emt 0:00:02]} 46. c6 {[%emt 0:00:00]} Rc2 {[%emt 0:00:03]} 47. Nd3+ {[%emt 0:00:02]} Kc3 {[%emt 0:00:02]} 48. Ne5 {[%emt 0:00:04]} Kd2 {[%emt 0:00:01]} 49. Nf3+ {[%emt 0:00:02]} Ke3 {[%emt 0:00:01]} 50. Ne5 {[%emt 0:00:01]} b4 {[%emt 0:00:02]} 51. c7 {[%emt 0:00:02]} Rxc7 {[%emt 0:00:02]} 52. g4 {[%emt 0:00:00]} Rc2 {[%emt 0:00:01]} 53. gxf5 {[%emt 0:00:01]} b3 {[%emt 0:00:00]} 54. Ng4+ {[%emt 0:00:02]} Kf4 {[%emt 0:00:01]} 55. Nh2 {[%emt 0:00:04]} b2 {[%emt 0:00:01]} 56. Nf1 {[%emt 0:00:02]} b1=Q {[%emt 0:00:02]} 57. f6 {[%emt 0:00:00]} gxf6 {[%emt 0:00:02]} 58. h5 {[%emt 0:00:01]} Rc1 {[%emt 0:00:01]} 59. Kg2 {[%emt 0:00:01]} Qc2+ {[%emt 0:00:01]} 60. Kh3 {[%emt 0:00:01]} Qd3+ {[%emt 0:00:02]} 61. Kh2 {[%emt 0:00:02]} Qe2+ {[%emt 0:00:03]} 62. Kh3 {[%emt 0:00:02]} Qxf1+ {[%emt 0:00:01]} 63. Kh2 {[%emt 0:00:00]} Qf2+ {[%emt 0:00:01]} 64. Kh3 {[%emt 0:00:01]} Rc3# {[%emt 0:00:00] (Lag: Av=0.51s, max=1.4s) (Lag: Av=0.51s, max=1.4s) (Lag: Av=0.51s, max=1.4s)} 0-1

[Event "Stay Safe Play From Home 381"]
[Site "Emanuel Lasker Arena"]
[Date "2020.08.13"]
[Round "4"]
[White "Cybertonio"]
[Black "Kongle"]
[Result "0-1"]
[WhiteElo "1594"]
[BlackElo "1750"]
[Annotator "NA"]
[PlyCount "108"]
[EventDate "2020.08.13"]
[EventType "swiss (blitz)"]

1. Nf3 {[%emt 0:00:02]} d5 {[%emt 0:00:03]} 2. e3 {[%emt 0:00:01]} c5 {[%emt 0:00:01]} 3. d4 {[%emt 0:00:00]} cxd4 {[%emt 0:00:02]} 4. Nxd4 {[%emt 0:00:00]} e5 {[%emt 0:00:02]} 5. Nf3 {[%emt 0:00:02]} Nc6 {[%emt 0:00:03]} 6. Be2 {[%emt 0:00:01]} Bf5 {[%emt 0:00:03]} 7. O-O {[%emt 0:00:01]} Be7 {[%emt 0:00:01]} 8. h3 {[%emt 0:00:01]} Nf6 {[%emt 0:00:01]} 9. a3 {[%emt 0:00:01]} h6 {[%emt 0:00:02]} 10. b4 {[%emt 0:00:01]} a6 {[%emt 0:00:02]} 11. c4 {[%emt 0:00:01]} d4 {[%emt 0:00:06]} 12. exd4 {[%emt 0:00:04]} exd4 {[%emt 0:00:02]} 13. c5 {[%emt 0:00:12]} d3 {[%emt 0:00:05]} 14. Nfd2 {[%emt 0:00:28]} dxe2 {[%emt 0:00:02]} 15. Qxe2 {[%emt 0:00:00]} Bd3 {[%emt 0:00:05]} 16. Qe3 {[%emt 0:00:11]} Bxf1 {[%emt 0:00:02]} 17. Nxf1 {[%emt 0:00:00]} Qd4 {[%emt 0:00:04]} 18. Qxd4 {[%emt 0:00:08]} Nxd4 {[%emt 0:00:02]} 19. Bb2 {[%emt 0:00:00]} Nc2 {[%emt 0:00:03]} 20. Ra2 {[%emt 0:00:01]} O-O-O {[%emt 0:00:07]} 21. Bxf6 {[%emt 0:00:05]} Bxf6 {[%emt 0:00:08]} 22. Rxc2 {[%emt 0:00:02]} Rd1 {[%emt 0:00:01]} 23. Nbd2 {[%emt 0:00:04]} Rd8 {[%emt 0:00:06]} 24. c6 {[%emt 0:00:01]} bxc6 {[%emt 0:00:05]} 25. Rxc6+ {[%emt 0:00:02]} Kb7 {[%emt 0:00:01]} 26. Rc3 {[%emt 0:00:13]} Bxc3 {[%emt 0:00:03]} 27. Ne4 {[%emt 0:00:02]} Bb2 {[%emt 0:00:07]} 28. g4 {[%emt 0:00:05]} Re8 {[%emt 0:00:03]} 29. Nc5+ {[%emt 0:00:02]} Kb6 {[%emt 0:00:01]} 30. Na4+ {[%emt 0:00:04]} Kb5 {[%emt 0:00:01]} 31. Nxb2 {[%emt 0:00:01]} Rb1 {[%emt 0:00:02]} 32. Nd3 {[%emt 0:00:03]} Rd8 {[%emt 0:00:01]} 33. Ne5 {[%emt 0:00:02]} Rdd1 {[%emt 0:00:02]} 34. Nxf7 {[%emt 0:00:08]} Rxf1+ {[%emt 0:00:01]} 35. Kg2 {[%emt 0:00:00]} Ra1 {[%emt 0:00:05]} 36. Nd6+ {[%emt 0:00:01]} Ka4 {[%emt 0:00:01]} 37. Nc4 {[%emt 0:00:03]} Rg1+ {[%emt 0:00:02]} 38. Kf3 {[%emt 0:00:02]} Rh1 {[%emt 0:00:01]} 39. Nb2+ {[%emt 0:00:03]} Kxa3 {[%emt 0:00:01]} 40. Nd3 {[%emt 0:00:04]} Rxh3+ {[%emt 0:00:05]} 41. Ke2 {[%emt 0:00:02]} Rxd3 {[%emt 0:00:02]} 42. Kxd3 {[%emt 0:00:01]} Kxb4 {[%emt 0:00:01]} 43. Ke4 {[%emt 0:00:01]} Rd1 {[%emt 0:00:02]} 44. Kf5 {[%emt 0:00:00]} a5 {[%emt 0:00:03]} 45. Kg6 {[%emt 0:00:01]} Rd7 {[%emt 0:00:02]} 46. f4 {[%emt 0:00:02]} a4 {[%emt 0:00:02]} 47. g5 {[%emt 0:00:01]} hxg5 {[%emt 0:00:02]} 48. fxg5 {[%emt 0:00:01]} a3 {[%emt 0:00:01]} 49. Kf5 {[%emt 0:00:01]} a2 {[%emt 0:00:01]} 50. Kg4 {[%emt 0:00:00]} a1=Q {[%emt 0:00:02]} 51. Kh5 {[%emt 0:00:00]} Rd6 {[%emt 0:00:05]} 52. Kg4 {[%emt 0:00:02]} Qd4+ {[%emt 0:00:03]} 53. Kh5 {[%emt 0:00:01]} g6+ {[%emt 0:00:02]} 54. Kh6 {[%emt 0:00:01]} Qh8# {[%emt 0:00:03] (Lag: Av=1.22s, max=4.2s) (Lag: Av=1.22s, max=4.2s) (Lag: Av=1.22s, max=4.2s)} 0-1

[Event "Stay Safe Play From Home 381"]
[Site "Emanuel Lasker Arena"]
[Date "2020.08.13"]
[Round "5"]
[White "Mepe_Nika"]
[Black "Hickey"]
[Result "1-0"]
[WhiteElo "2376"]
[BlackElo "2112"]
[PlyCount "77"]
[EventDate "2020.08.13"]
[EventType "swiss (blitz)"]

1. d4 {[%emt 0:00:01]} Nf6 {[%emt 0:00:02]} 2. Nf3 {[%emt 0:00:01]} b6 {[%emt 0:00:01]} 3. Bf4 {[%emt 0:00:02]} Nh5 {[%emt 0:00:06]} 4. e3 {[%emt 0:00:04]} Bb7 {[%emt 0:00:02]} 5. Be2 {[%emt 0:00:02]} g6 {[%emt 0:00:03]} 6. O-O {[%emt 0:00:01]} Nxf4 {[%emt 0:00:01]} 7. exf4 {[%emt 0:00:01]} Bg7 {[%emt 0:00:00]} 8. Nbd2 {[%emt 0:00:01]} O-O {[%emt 0:00:00]} 9. c3 {[%emt 0:00:01]} c5 {[%emt 0:00:04]} 10. a4 {[%emt 0:00:01]} cxd4 {[%emt 0:00:04]} 11. Nxd4 {[%emt 0:00:02]} Nc6 {[%emt 0:00:01]} 12. N2f3 {[%emt 0:00:04]} a6 {[%emt 0:00:07]} 13. Re1 {[%emt 0:00:01]} Qc7 {[%emt 0:00:02]} 14. g3 {[%emt 0:00:01]} Rad8 {[%emt 0:00:03]} 15. Bf1 {[%emt 0:00:01]} Rfe8 {[%emt 0:00:01]} 16. Bg2 {[%emt 0:00:01]} Nxd4 {[%emt 0:00:07]} 17. Nxd4 {[%emt 0:00:01]} Bxg2 {[%emt 0:00:00]} 18. Kxg2 {[%emt 0:00:00]} Qb7+ {[%emt 0:00:14]} 19. Kg1 {[%emt 0:00:01]} e6 {[%emt 0:00:02]} 20. h4 {[%emt 0:00:01]} h5 {[%emt 0:00:02]} 21. Qd3 {[%emt 0:00:00]} d5 {[%emt 0:00:01]} 22. Nf3 {[%emt 0:00:03]} Rc8 {[%emt 0:00:01]} 23. Ne5 {[%emt 0:00:01]} Bxe5 {[%emt 0:00:00]} 24. fxe5 {[%emt 0:00:01]} a5 {[%emt 0:00:03]} 25. Re3 {[%emt 0:00:01]} Rc4 {[%emt 0:00:00]} 26. b3 {[%emt 0:00:04]} Rc5 {[%emt 0:00:02]} 27. Qd4 {[%emt 0:00:02]} Rec8 {[%emt 0:00:01]} 28. Rd1 {[%emt 0:00:01]} Qc6 {[%emt 0:00:01]} 29. Rdd3 {[%emt 0:00:01]} b5 {[%emt 0:00:01]} 30. Rf3 {[%emt 0:00:09]} bxa4 {[%emt 0:00:03]} 31. Qf4 {[%emt 0:00:01]} Rc7 {[%emt 0:00:02]} 32. bxa4 {[%emt 0:00:02]} Rc4 {[%emt 0:00:01]} 33. Qh6 {[%emt 0:00:13]} Qxa4 {[%emt 0:00:08]} 34. Rf6 {[%emt 0:00:06]} Rg4 {[%emt 0:00:06]} 35. Rdf3 {[%emt 0:00:04]} Qe4 {[%emt 0:00:02]} 36. Rxe6 {[%emt 0:00:34]} Rc8 {[%emt 0:00:30]} 37. Rxf7 {[%emt 0:00:10]} Kxf7 {[%emt 0:00:03]} 38. Rf6+ {[%emt 0:00:02]} Ke7 {[%emt 0:00:02]} 39. Qg7+ {[%emt 0:00:01] Hickey resigns Hickey resigns Hickey resigns (Lag: Av=0.63s, max=1.0s) (Lag: Av=0.63s, max=1.0s) (Lag: Av=0.63s, max=1.0s)} 1-0

[Event "Stay Safe Play From Home 381"]
[Site "Emanuel Lasker Arena"]
[Date "2020.08.13"]
[Round "5"]
[White "Chesstiger9"]
[Black "SelamiSahin"]
[Result "0-1"]
[WhiteElo "1994"]
[BlackElo "2156"]
[PlyCount "66"]
[EventDate "2020.08.13"]
[EventType "swiss (blitz)"]

{Volkov, Yuri - Yarar, Atakan} 1. d4 {[%emt 0:00:02]} Nf6 {[%emt 0:00:01]} 2. Nf3 {[%emt 0:00:01]} g6 {[%emt 0:00:01]} 3. g3 {[%emt 0:00:01]} Bg7 {[%emt 0:00:01]} 4. Bg2 {[%emt 0:00:01]} O-O {[%emt 0:00:00]} 5. O-O {[%emt 0:00:01]} c5 {[%emt 0:00:14]} 6. e3 {[%emt 0:00:04]} d5 {[%emt 0:00:04]} 7. b3 {[%emt 0:00:02]} cxd4 {[%emt 0:00:03]} 8. exd4 {[%emt 0:00:01]} Nc6 {[%emt 0:00:02]} 9. Bb2 {[%emt 0:00:01]} Ne4 {[%emt 0:00:02]} 10. Nbd2 {[%emt 0:00:01]} Bf5 {[%emt 0:00:04]} 11. a3 {[%emt 0:00:05]} h6 {[%emt 0:00:04]} 12. c4 {[%emt 0:00:09]} g5 {[%emt 0:00:05]} 13. Nxe4 {[%emt 0:00:08]} dxe4 {[%emt 0:00:03]} 14. Ne5 {[%emt 0:00:01]} Nxe5 {[%emt 0:00:09]} 15. dxe5 {[%emt 0:00:00]} Qd3 {[%emt 0:00:03]} 16. Qxd3 {[%emt 0:00:09]} exd3 {[%emt 0:00:00]} 17. Rad1 {[%emt 0:00:01]} Rac8 {[%emt 0:00:09]} 18. Bd4 {[%emt 0:00:04]} Rfd8 {[%emt 0:00:05]} 19. Bxa7 {[%emt 0:00:03]} Bxe5 {[%emt 0:00:07]} 20. f4 {[%emt 0:00:05]} gxf4 {[%emt 0:00:03]} 21. gxf4 {[%emt 0:00:00]} Bd4+ {[%emt 0:00:09]} 22. Bxd4 {[%emt 0:00:03]} Rxd4 {[%emt 0:00:00]} 23. Rd2 {[%emt 0:00:14]} e6 {[%emt 0:00:04]} 24. Rf3 {[%emt 0:00:07]} Kg7 {[%emt 0:00:04]} 25. Kf2 {[%emt 0:00:01]} Kf6 {[%emt 0:00:03]} 26. h4 {[%emt 0:00:13]} b5 {[%emt 0:00:07]} 27. Bf1 {[%emt 0:00:09]} bxc4 {[%emt 0:00:03]} 28. bxc4 {[%emt 0:00:01]} Rcxc4 {[%emt 0:00:00]} 29. Bxd3 {[%emt 0:00:01]} Rc3 {[%emt 0:00:04]} 30. Ke2 {[%emt 0:00:06]} Bg4 {[%emt 0:00:11]} 31. Ke3 {[%emt 0:00:05]} Rdxd3+ {[%emt 0:00:01]} 32. Rxd3 {[%emt 0:00:01]} Rxd3+ {[%emt 0:00:00]} 33. Kxd3 {[%emt 0:00:02]} Bxf3 {[%emt 0:00:00] Chesstiger9 resigns Chesstiger9 resigns Chesstiger9 resigns (Lag: Av=0.44s, max=0.7s) (Lag: Av=0.44s, max=0.7s) (Lag: Av=0.44s, max=0.7s)} 0-1

[Event "Stay Safe Play From Home 381"]
[Site "Emanuel Lasker Arena"]
[Date "2020.08.13"]
[Round "5"]
[White "Fischer_11"]
[Black "Lolzz"]
[Result "0-1"]
[WhiteElo "1913"]
[BlackElo "2106"]
[Annotator "NA"]
[PlyCount "22"]
[EventDate "2020.08.13"]
[EventType "swiss (blitz)"]

1. e4 {[%emt 0:00:02]} e5 {[%emt 0:00:04]} 2. Nc3 {[%emt 0:00:03]} Nf6 {[%emt 0:00:02]} 3. Bc4 {[%emt 0:00:02]} Bc5 {[%emt 0:00:05]} 4. d3 {[%emt 0:00:01]} c6 {[%emt 0:00:04]} 5. f4 {[%emt 0:00:03]} d5 {[%emt 0:00:06]} 6. exd5 {[%emt 0:00:03]} Ng4 {[%emt 0:00:11]} 7. Qe2 {[%emt 0:00:17]} O-O {[%emt 0:00:05]} 8. fxe5 {[%emt 0:00:05]} Nxe5 {[%emt 0:00:05]} 9. Ne4 {[%emt 0:00:07]} Bxg1 {[%emt 0:00:06]} 10. Rxg1 {[%emt 0:00:03]} cxd5 {[%emt 0:00:02]} 11. d4 {[%emt 0:00:06]} Nxc4 {[%emt 0:00:05] Fischer_11 gibt auf Fischer_11 gibt auf Fischer_11 gibt auf (Lag: Av=1.03s, max=1.9s) (Lag: Av=1.03s, max=1.9s) (Lag: Av=1.03s, max=1.9s)} 0-1

[Event "Stay Safe Play From Home 381"]
[Site "Emanuel Lasker Arena"]
[Date "2020.08.13"]
[Round "5"]
[White "Haris kollari 13"]
[Black "Ionelluca"]
[Result "0-1"]
[WhiteElo "1910"]
[BlackElo "1945"]
[Annotator "NA"]
[PlyCount "116"]
[EventDate "2020.08.13"]
[EventType "swiss (blitz)"]

1. e4 {[%emt 0:00:01]} d6 {[%emt 0:00:01]} 2. f4 {[%emt 0:00:02]} e5 {[%emt 0:00:02]} 3. Nf3 {[%emt 0:00:01]} f5 {[%emt 0:00:02]} 4. d3 {[%emt 0:00:02]} Nf6 {[%emt 0:00:02]} 5. fxe5 {[%emt 0:00:02]} dxe5 {[%emt 0:00:01]} 6. exf5 {[%emt 0:00:03]} e4 {[%emt 0:00:01]} 7. Qe2 {[%emt 0:00:02]} Bxf5 {[%emt 0:00:04]} 8. dxe4 {[%emt 0:00:01]} Bxe4 {[%emt 0:00:10]} 9. Ng5 {[%emt 0:00:01]} Qe7 {[%emt 0:00:02]} 10. Nc3 {[%emt 0:00:13]} Bc6 {[%emt 0:00:16]} 11. Ne6 {[%emt 0:00:07]} Na6 {[%emt 0:00:05]} 12. Bg5 {[%emt 0:00:02]} Bd7 {[%emt 0:00:14]} 13. Nxf8 {[%emt 0:00:11]} Qxe2+ {[%emt 0:00:15]} 14. Bxe2 {[%emt 0:00:01]} Rxf8 {[%emt 0:00:02]} 15. O-O-O {[%emt 0:00:03]} O-O-O {[%emt 0:00:05]} 16. Bxa6 {[%emt 0:00:03]} bxa6 {[%emt 0:00:01]} 17. Bxf6 {[%emt 0:00:01]} Rxf6 {[%emt 0:00:02]} 18. Rhf1 {[%emt 0:00:03]} Rg6 {[%emt 0:00:09]} 19. g3 {[%emt 0:00:01]} Bb5 {[%emt 0:00:06]} 20. Rxd8+ {[%emt 0:00:03]} Kxd8 {[%emt 0:00:01]} 21. Rf7 {[%emt 0:00:04]} Bc4 {[%emt 0:00:05]} 22. Rf4 {[%emt 0:00:04]} Be6 {[%emt 0:00:02]} 23. a3 {[%emt 0:00:04]} Rh6 {[%emt 0:00:01]} 24. Rf2 {[%emt 0:00:03]} Rf6 {[%emt 0:00:01]} 25. Rxf6 {[%emt 0:00:03]} gxf6 {[%emt 0:00:01]} 26. Ne4 {[%emt 0:00:01]} Ke7 {[%emt 0:00:02]} 27. Kd2 {[%emt 0:00:02]} Bc8 {[%emt 0:00:01]} 28. c3 {[%emt 0:00:02]} f5 {[%emt 0:00:02]} 29. Ng5 {[%emt 0:00:06]} Kf6 {[%emt 0:00:11]} 30. Nf3 {[%emt 0:00:01]} Bb7 {[%emt 0:00:02]} 31. Nd4 {[%emt 0:00:02]} c5 {[%emt 0:00:02]} 32. Nb3 {[%emt 0:00:02]} c4 {[%emt 0:00:02]} 33. Nc5 {[%emt 0:00:07]} Bc8 {[%emt 0:00:03]} 34. Ke3 {[%emt 0:00:03]} Kg5 {[%emt 0:00:01]} 35. Kd4 {[%emt 0:00:03]} Kg4 {[%emt 0:00:01]} 36. Kxc4 {[%emt 0:00:12]} Kh3 {[%emt 0:00:01]} 37. Kd4 {[%emt 0:00:02]} Kxh2 {[%emt 0:00:01]} 38. Ke5 {[%emt 0:00:04]} Kxg3 {[%emt 0:00:01]} 39. b4 {[%emt 0:00:03]} h5 {[%emt 0:00:01]} 40. Nd3 {[%emt 0:00:02]} h4 {[%emt 0:00:01]} 41. Nf4 {[%emt 0:00:01]} h3 {[%emt 0:00:00]} 42. Nxh3 {[%emt 0:00:07]} Kxh3 {[%emt 0:00:01]} 43. Kf4 {[%emt 0:00:00]} Kg2 {[%emt 0:00:01]} 44. a4 {[%emt 0:00:01]} Kf2 {[%emt 0:00:01]} 45. c4 {[%emt 0:00:00]} Ke2 {[%emt 0:00:01]} 46. b5 {[%emt 0:00:01]} Kd3 {[%emt 0:00:01]} 47. c5 {[%emt 0:00:01]} Kc4 {[%emt 0:00:01]} 48. b6 {[%emt 0:00:01]} axb6 {[%emt 0:00:02]} 49. cxb6 {[%emt 0:00:01]} Kc5 {[%emt 0:00:01]} 50. b7 {[%emt 0:00:01]} Bxb7 {[%emt 0:00:01]} 51. Kxf5 {[%emt 0:00:00]} Kb4 {[%emt 0:00:01]} 52. Ke5 {[%emt 0:00:01]} Kxa4 {[%emt 0:00:01]} 53. Kd4 {[%emt 0:00:00]} Kb3 {[%emt 0:00:01]} 54. Kd3 {[%emt 0:00:01]} a5 {[%emt 0:00:00]} 55. Kd2 {[%emt 0:00:01]} Kb2 {[%emt 0:00:00]} 56. Kd3 {[%emt 0:00:02]} a4 {[%emt 0:00:00]} 57. Kc4 {[%emt 0:00:00]} a3 {[%emt 0:00:00]} 58. Kb4 {[%emt 0:00:00]} a2 {[%emt 0:00:00] Haris kollari 13 resigns Haris kollari 13 resigns Haris kollari 13 resigns (Lag: Av=0.60s, max=4.7s) (Lag: Av=0.60s, max=4.7s) (Lag: Av=0.60s, max=4.7s)} 0-1

[Event "Stay Safe Play From Home 381"]
[Site "Emanuel Lasker Arena"]
[Date "2020.08.13"]
[Round "5"]
[White "Greblah"]
[Black "Lazieri3"]
[Result "1-0"]
[WhiteElo "1848"]
[BlackElo "1933"]
[PlyCount "95"]
[EventDate "2020.08.13"]
[EventType "swiss (blitz)"]

1. e4 {[%emt 0:00:00]} c6 {[%emt 0:00:00]} 2. d4 {[%emt 0:00:01]} d5 {[%emt 0:00:00]} 3. exd5 {[%emt 0:00:00]} cxd5 {[%emt 0:00:00]} 4. Bd3 {[%emt 0:00:01]} Nc6 {[%emt 0:00:00]} 5. c3 {[%emt 0:00:00]} Nf6 {[%emt 0:00:00]} 6. Ne2 {[%emt 0:00:01]} Bg4 {[%emt 0:00:00]} 7. O-O {[%emt 0:00:01]} e6 {[%emt 0:00:01]} 8. Qe1 {[%emt 0:00:01]} Bd6 {[%emt 0:00:01]} 9. f3 {[%emt 0:00:01]} Bh5 {[%emt 0:00:01]} 10. Qh4 {[%emt 0:00:01]} Bg6 {[%emt 0:00:00]} 11. Bxg6 {[%emt 0:00:01]} fxg6 {[%emt 0:00:01]} 12. Nf4 {[%emt 0:00:01]} Qd7 {[%emt 0:00:02]} 13. Nxg6 {[%emt 0:00:01]} Rg8 {[%emt 0:00:05]} 14. Ne5 {[%emt 0:00:12]} Nxe5 {[%emt 0:00:06]} 15. dxe5 {[%emt 0:00:01]} Bxe5 {[%emt 0:00:00]} 16. Re1 {[%emt 0:00:02]} Bd6 {[%emt 0:00:02]} 17. Qh3 {[%emt 0:00:04]} Kf7 {[%emt 0:00:02]} 18. Bg5 {[%emt 0:00:02]} Rh8 {[%emt 0:00:14]} 19. Bxf6 {[%emt 0:00:07]} gxf6 {[%emt 0:00:00]} 20. Qh5+ {[%emt 0:00:03]} Kg7 {[%emt 0:00:01]} 21. Nd2 {[%emt 0:00:04]} Rae8 {[%emt 0:00:09]} 22. Nb3 {[%emt 0:00:05]} Rhg8 {[%emt 0:00:06]} 23. Rad1 {[%emt 0:00:08]} Kh8 {[%emt 0:00:03]} 24. Rd4 {[%emt 0:00:05]} a5 {[%emt 0:00:07]} 25. Rh4 {[%emt 0:00:02]} a4 {[%emt 0:00:03]} 26. Nd4 {[%emt 0:00:02]} Bc5 {[%emt 0:00:01]} 27. Kh1 {[%emt 0:00:04]} Bxd4 {[%emt 0:00:01]} 28. cxd4 {[%emt 0:00:11]} b5 {[%emt 0:00:04]} 29. Qh6 {[%emt 0:00:01]} Qf7 {[%emt 0:00:05]} 30. h3 {[%emt 0:00:12]} Rg6 {[%emt 0:00:01]} 31. Qc1 {[%emt 0:00:03]} Reg8 {[%emt 0:00:02]} 32. Re2 {[%emt 0:00:02]} Qd7 {[%emt 0:00:10]} 33. Rg4 {[%emt 0:00:02]} Rxg4 {[%emt 0:00:06]} 34. hxg4 {[%emt 0:00:03]} Rc8 {[%emt 0:00:03]} 35. Qh6 {[%emt 0:00:01]} Rc1+ {[%emt 0:00:13]} 36. Kh2 {[%emt 0:00:05]} Qd6+ {[%emt 0:00:21]} 37. g3 {[%emt 0:00:01]} Rc6 {[%emt 0:00:05]} 38. Qxf6+ {[%emt 0:00:01]} Kg8 {[%emt 0:00:01]} 39. Qg5+ {[%emt 0:00:01]} Kf7 {[%emt 0:00:03]} 40. Qh5+ {[%emt 0:00:01]} Ke7 {[%emt 0:00:10]} 41. Qxh7+ {[%emt 0:00:02]} Kd8 {[%emt 0:00:00]} 42. Re5 {[%emt 0:00:05]} Kc8 {[%emt 0:00:04]} 43. Rg5 {[%emt 0:00:02]} Rc7 {[%emt 0:00:01]} 44. Rg8+ {[%emt 0:00:02]} Kb7 {[%emt 0:00:01]} 45. Qh8 {[%emt 0:00:01]} Rc2+ {[%emt 0:00:04]} 46. Kh3 {[%emt 0:00:01]} Rc7 {[%emt 0:00:12]} 47. Ra8 {[%emt 0:00:06]} Rf7 {[%emt 0:00:04]} 48. Qc8+ {[%emt 0:00:06] Lazieri3 resigns Lazieri3 resigns Lazieri3 resigns (Lag: Av=0.57s, max=4.0s) (Lag: Av=0.57s, max=4.0s) (Lag: Av=0.57s, max=4.0s)} 1-0